|
|
|
|
| LEADER |
03419nam a2200529 4500 |
| 001 |
978-3-030-21617-7 |
| 003 |
DE-He213 |
| 005 |
20191028101609.0 |
| 007 |
cr nn 008mamaa |
| 008 |
190911s2019 gw | s |||| 0|eng d |
| 020 |
|
|
|a 9783030216177
|9 978-3-030-21617-7
|
| 024 |
7 |
|
|a 10.1007/978-3-030-21617-7
|2 doi
|
| 040 |
|
|
|d GrThAP
|
| 050 |
|
4 |
|a D731-838
|
| 072 |
|
7 |
|a HBWQ
|2 bicssc
|
| 072 |
|
7 |
|a HIS027100
|2 bisacsh
|
| 072 |
|
7 |
|a NHWR7
|2 thema
|
| 082 |
0 |
4 |
|a 940.53
|2 23
|
| 100 |
1 |
|
|a Bragança, Manuel.
|e author.
|4 aut
|4 http://id.loc.gov/vocabulary/relators/aut
|
| 245 |
1 |
0 |
|a Hitler's French Literary Afterlives, 1945-2017
|h [electronic resource] /
|c by Manuel Bragança.
|
| 250 |
|
|
|a 1st ed. 2019.
|
| 264 |
|
1 |
|a Cham :
|b Springer International Publishing :
|b Imprint: Palgrave Pivot,
|c 2019.
|
| 300 |
|
|
|a XIII, 130 p. 1 illus.
|b online resource.
|
| 336 |
|
|
|a text
|b txt
|2 rdacontent
|
| 337 |
|
|
|a computer
|b c
|2 rdamedia
|
| 338 |
|
|
|a online resource
|b cr
|2 rdacarrier
|
| 347 |
|
|
|a text file
|b PDF
|2 rda
|
| 505 |
0 |
|
|a Chapter 1: Hitler and the Second World War in French Historiography and Fiction -- Chapter 2: Hitler in the Margins. On Jean-Paul Sartre's Le Sursis (1945) and Jean Genet's Pompes funèbres (1947) -- Chapter 3: What if Hitler had Survived? On Pierre Boulle's 'Son Dernier Combat' (1965) and René Fallet's Ersatz (1974) -- Chapter 4: From Adolf to Hitler. On Frédéric Dard's Le Dragon de Cracovie (1998) and Éric-Emmanuel Schmitt's La Part de l'autre (2001) -- Chapter 5 : Adolf before Hitler. On Christian Millau's Le Passant de Vienne (2010) and Michel Folco's La Jeunesse mélancolique et très désabusée d'Adolf Hitler (2010) -- Chapter 6: Hitler from France to the Rest of the World (and Back): Concluding Remarks. .
|
| 520 |
|
|
|a This book analyses the successive appearances of Adolf Hitler in French fiction between 1945 and 2017. It discusses why, unlike what has been observed in the US and in the UK, it has proven problematic for French novelists to write about Hitler in their numerous fictional explorations of the Second World War. It examines the literary and ethical challenges of including historical characters such as Hitler in fiction, and demonstrates how these challenges evolved over time as memories of the Second World War also evolved in France. .
|
| 650 |
|
0 |
|a World War, 1939-1945.
|
| 650 |
|
0 |
|a Historiography.
|
| 650 |
|
0 |
|a France-History.
|
| 650 |
|
0 |
|a Europe-History-1492-.
|
| 650 |
|
0 |
|a Literature-History and criticism.
|
| 650 |
1 |
4 |
|a History of World War II and the Holocaust.
|0 http://scigraph.springernature.com/things/product-market-codes/717110
|
| 650 |
2 |
4 |
|a Memory Studies.
|0 http://scigraph.springernature.com/things/product-market-codes/711010
|
| 650 |
2 |
4 |
|a History of France.
|0 http://scigraph.springernature.com/things/product-market-codes/717040
|
| 650 |
2 |
4 |
|a History of Modern Europe.
|0 http://scigraph.springernature.com/things/product-market-codes/717080
|
| 650 |
2 |
4 |
|a Literary History.
|0 http://scigraph.springernature.com/things/product-market-codes/813000
|
| 710 |
2 |
|
|a SpringerLink (Online service)
|
| 773 |
0 |
|
|t Springer eBooks
|
| 776 |
0 |
8 |
|i Printed edition:
|z 9783030216160
|
| 776 |
0 |
8 |
|i Printed edition:
|z 9783030216184
|
| 776 |
0 |
8 |
|i Printed edition:
|z 9783030216191
|
| 856 |
4 |
0 |
|u https://doi.org/10.1007/978-3-030-21617-7
|z Full Text via HEAL-Link
|
| 912 |
|
|
|a ZDB-2-HTY
|
| 950 |
|
|
|a History (Springer-41172)
|